LEADER 00840nam0-22003011i-450- 001 990002066300403321 005 20021010 035 $a000206630 035 $aFED01000206630 035 $a(Aleph)000206630FED01 035 $a000206630 100 $a20021010d--------km-y0itay50------ba 101 0 $aita 200 1 $a<>platypus$eit's discovery, zoological position, form and characteristics, habits, life history, etc.$fHarry Burrell 210 $aSydney$cAngus & Robertson$d1927 215 $a227 p.$d23 cm 610 0 $aMammiferi 610 0 $aMonotremata 676 $a599.1 700 1$aBurrell,$bHarry$088284 801 0$aIT$bUNINA$gRICA$2UNIMARC 901 $aBK 912 $a990002066300403321 952 $a61 XIV B.1/15$b917$fDAGEN 959 $aDAGEN 996 $aPlatypus$9393561 997 $aUNINA DB $aING01 LEADER 01023cam0-22003131i-450- 001 990004749430403321 005 20160921123245.0 035 $a000474943 035 $aFED01000474943 035 $a(Aleph)000474943FED01 035 $a000474943 100 $a19990604d1862----km-y0itay50------ba 101 0 $aita 102 $aIT 105 $ac-------001yy 200 1 $a<>vite de' pił eccellenti pittori, scultori e architetti$esecondo le migliori stampe$fdi Giorgio Vasari 210 $aTrieste$cSezione letterario-artistico del Lloyd Austriaco$d1862 215 $a1275 p.$c1 ritr.$d28 cm 610 0 $aArtisti$aSec. 13.-16.$aBiografie 676 $a709.22$v22$zita 700 1$aVasari,$bGiorgio$f<1511-1574>$037469 801 0$aIT$bUNINA$gRICA$2UNIMARC 901 $aBK 912 $a990004749430403321 952 $aSG 700/C 22$bR. Bibl. 2968$fFLFBC 952 $aSG 700/C 22 BIS$b2968$fFLFBC 959 $aFLFBC 996 $aVite de' pił eccellenti pittori, scultori e architetti$9154300 997 $aUNINA